Role of women in the freedom movement in Bihar (1912-1947) (Record no. 6487)

MARC details
000 -LEADER
fixed length control field 00823 a2200217 4500
005 - DATE AND TIME OF LATEST TRANSACTION
control field 20080828130059.0
008 - FIXED-LENGTH DATA ELEMENTS--GENERAL INFORMATION
fixed length control field 080828t xxu||||| |||| 00| 0 eng d
010 ## - LIBRARY OF CONGRESS CONTROL NUMBER
LC control number ENG-87367
020 ## - INTERNATIONAL STANDARD BOOK NUMBER
Terms of availability 400.00
035 ## - SYSTEM CONTROL NUMBER
System control number EN-70900
037 ## - SOURCE OF ACQUISITION
Source of stock number/acquisition DBAD / PUB
082 ## - DEWEY DECIMAL CLASSIFICATION NUMBER
Classification number 954.0841
100 ## - MAIN ENTRY--PERSONAL NAME
Personal name Saroj Kumari
245 ## - TITLE STATEMENT
Title Role of women in the freedom movement in Bihar (1912-1947)
Statement of responsibility, etc by Saroj Kumari
260 ## - PUBLICATION, DISTRIBUTION, ETC. (IMPRINT)
Place of publication, distribution, etc Patna
Name of publisher, distributor, etc Janaki Prakashan
Date of publication, distribution, etc 2005
270 ## - ADDRESS
Address Ashok Rajpath, Chauhatta,
City Patna
Postal code 800 004
300 ## - PHYSICAL DESCRIPTION
Extent 195p.
Dimensions 22cm (Hb)
500 ## - GENERAL NOTE
General note Includes bibliographial references and index
942 ## - ADDED ENTRY ELEMENTS (KOHA)
Institution code [OBSOLETE] dpl
Koha item type English Books
Call number prefix 954.0841 / SAR
Source of classification or shelving scheme Dewey Decimal Classification
Classification part 954.0841
Call number suffix SAR
Holdings
Withdrawn status Lost status Damaged status Not for loan Home library Current library Date acquired Cost, normal purchase price Total Checkouts Full call number Barcode Date last seen Copy number Uniform Resource Identifier Cost, replacement price Price effective from Koha item type
        D.B.Act.Division D.B.Act.Division 28/08/2008 400.00   954.0841 SAR EN-70900 15/09/2008 1 6979 400.00 15/09/2008 English Books

© Delhi Public Library
Hit Counter
free hit counter